El Sector de economía laboral: antecedentes y justificaciones /

保存先:
書誌詳細
第一著者: Morales Hernández, Francisco
フォーマット: テキスト
タグ: タグ追加
タグなし, このレコードへの初めてのタグを付けませんか!

MARC

LEADER 00000 a a2200000 04500
001 3075
003
040
100 |a Morales Hernández, Francisco  
245 |a El Sector de economía laboral:   |b antecedentes y justificaciones /  |c Francisco Morales Hernández 
773 |g volumen 4, número 2; páginas 77-83  
999 |c 23265  |d 23265